00904nam a22001697a 4500003000900000008004100009040007100050082002600121100002500147245014900172260003600321300005200357505025100409650001700660650003300677650002400710AR-CdUCM190408b ||||| |||| 00| 0 spa d aMUNICIPALIDAD PROVINCIAL DEL CUSCOcBIBLIOTECA MUNICIPAL DEL CUSCO a171.95 /bAL44 / 1792 aAlmeida, Teodoro de. aRecreación filosófica ó diálogo sobre la filosofía natural, para instrucción de personas curiosas que no han frecuentado las aulas / aMadrid :bImprenta Real,c1792. a341 Paginas ;bIlustraciones plegables,c17 cm. aContenido : t.1 :De las partes o principios de todas las cosas en común -- De la forma de todos los cuerpos naturales en común -- Trátase de los accidentes comunes á todas las cosas -- Del diverso peso de los cuerpos y de sus propiedad... aFilosofía  aAceleración de los cuerpos aPeso de los cuerpos